Sprachentrennung im fruehen bilingualen Erstspracherwerb Franzoesich / Deutsch
Αποθηκεύτηκε σε:
| Κύριος συγγραφέας: | |
|---|---|
| Μορφή: | Βιβλίο |
| Γλώσσα: | German |
| Δημοσίευση: |
Tuepingen :
Narr,
1997
|
| Σειρά: | Tuebingen Beitraege zur Linuistik ;
; 21 |
| Θέματα: | |
| Ετικέτες: |
Προσθήκη ετικέτας
Δεν υπάρχουν, Καταχωρήστε ετικέτα πρώτοι!
|
MARC
| LEADER | 00000nam a2200000 i 4500 | ||
|---|---|---|---|
| 001 | 1/12232 | ||
| 008 | 000919s1997 ger d | ||
| 020 | |a 3-8233-4718-7 | ||
| 035 | |l 10064128 | ||
| 040 | |a GR-MY-UA |b gre |e aacr | ||
| 041 | 0 | |a ger | |
| 082 | 0 | |a 440.42311083 | |
| 100 | 1 | |a Koeppe, Regina. | |
| 245 | 1 | 0 | |a Sprachentrennung im fruehen bilingualen Erstspracherwerb Franzoesich / Deutsch / |c Regina Koeppe |
| 260 | |a Tuepingen : |b Narr, |c 1997 | ||
| 300 | |a 309 p.; |c 23 cm | ||
| 490 | 1 | |a Tuebingen Beitraege zur Linuistik |v ; 21 | |
| 650 | 0 | 0 | |a Bilingualism in children. |
| 650 | 0 | 0 | |a Language acquisition. |
| 650 | 0 | 0 | |a French language |x Acquisition. |
| 650 | 0 | 0 | |a German language |x Acquisition. |
| 650 | 0 | 0 | |a Code switching (Linguistics) |
| 830 | 0 | |a Tuebingen Beitraege zur Linuistik ; |v ; 21 | |
| 852 | |a INST |b RHODES |e 20000919 |h 440.4231083 KOE |p 005400013881 |q 005400013881 |t BK |y 0 | ||
| 901 | |a BIBL4-2000-3 | ||
| 909 | |a Ρ |b 069266 | ||
| 922 | |a 4ΕΛΗ |b 199910 |c ΚΠΣ/154 |d LEADER BOOKS | ||
| 970 | |z 2000/09/ΑΔΑΜ | ||